=LDR 00000nam 2200000 4500 =001 INLIS000000000018959 =005 20130612114057 =008 ***********************************Ind** =035 ##$$0010-061300000018959 =041 ##$$a Ind =082 ##$$a 371.2 =090 ##$$a 371.2, Dar a =100 ##$$a Daryanto, M.H =245 ##$$a Administrasi pendidikan, H.M Daryanto =260 ##$$a 1998 $b Jakarta =300 ##$$a viii, 210 hlm, 21 cm =650 ##$$a Pendidikan-administrasi =850 ##$$a NBPNMAT =990 ##$$a 0001/BPAP-NTB/20142014 =990 ##$$a 0001/BPAP-NTB/2016